000 00901nam a22002417a 4500
003 UA-OsUOA
001 49788
007 ta
008 20140127b un ||||| |||| 00| 0 ukr d
100 _aКандиба І.
090 _a94(477).12
_bК19
942 _cBR
040 _aUA-OsUOA
_bukr
_cUA-OsUOA
_dUA-OsUOA
245 _aЗа правду і справедливість: Першому секретареві ЦК КП України Шелестові Петрові Юхимовичу
300 _a29 с.
955 _a4
041 _aukr
080 _a94(477).12
260 _bКонфедерація українських вільних професійних спілок
_c1967
650 7 _a9 Географія. Біографії. Історія
_2UDC
999 _c429915
_d429915